000
00253nam a2200097Ia 4500
008
200302s9999 xx 000 0 und d
100
_a
Birkhauser Basel
245
_a
Made of concrete mettler studer
260
_b
Birkhauser Verlag Gmbh Basel
260
_c
2018
999
_c
7399
_d
7399